| 000 | 00797nas a2200277 4500 | ||
|---|---|---|---|
| 001 | BR0809902 | ||
| 003 | BR-BrBNA | ||
| 005 | 20231205112546.0 | ||
| 007 | ta | ||
| 008 | 230509b bl.|||p| |||| 00| 00por d | ||
| 040 |
_aBR-BrBNA _bpor _cBiblioteca Nacional de Agricultura |
||
| 041 | _a(Pt) | ||
| 072 | _aF01 | ||
| 100 | 1 | _aRebouças, T.N.H. | |
| 100 | 1 | _aSiqueira, L.G. | |
| 100 | 1 | _aLemos, O.L. | |
| 100 | 1 | _aGrisi, F.A. | |
| 245 | 1 | _aDensidade de plantio em cebola no sistema de semeadura no norte de Minas Gerais | |
| 650 | _aCEBOLA | ||
| 650 | _aESPAÇAMENTO | ||
| 650 | _aSEMEADURA | ||
| 650 | _aMINAS GERAIS | ||
| 773 | 0 |
_tMagistra (Brazil) _xISSN 0102-5333 _g(Jan-Mar 2008), v. 20(1) p. 78-86 _wBR0809902 |
|
| 909 |
_a202311 _bLúcia _c55 _dLúcia Elande |
||
| 942 |
_2AGRIS _n0 _cANA |
||
| 999 |
_c198663 _d198663 |
||